000 00225nam a22000977a 4500
082 _a823
_bPAC/S
100 _aPACES,S. E
245 _aSIX DETECTIVE STORIES
246 _aSIX DETECTIVE STORIES
_bSIX DETECTIVE STORIES
942 _cBK
999 _c8309
_d8309